=LDR 00000nam 2200000 4500 =001 000789 =005 20250711111609 =035 ##$$a 0010-0725000658 =007 ta =008 250711################a##########0#ind## =020 ##$$a 978-623-472-683-1 =082 ##$$a 398.209 598 =084 ##$$a 398.209 598 TIW s =100 #$$a Tiwari, Deepti =245 1#$$a Suara apakah itu? /$c Deepti Tiwari =250 ##$$a pertama =260 ##$$a Jakarta :$b Badan pengembangan dan pembinaan,$c 2022 =300 ##$$a 16hlm. : $b ilus. ; $c 22,9cm =650 #4$$a cerita anak indonesia terjemahan =650 #4$$a literasi bahan bacaan =700 #$$a Mitrarun halder =990 ##$$a TBM202400807